<?xml version="1.0" encoding="UTF-8"?>
<record
    xmlns:xsi="http://www.w3.org/2001/XMLSchema-instance"
    xsi:schemaLocation="http://www.loc.gov/MARC21/slim http://www.loc.gov/standards/marcxml/schema/MARC21slim.xsd"
    xmlns="http://www.loc.gov/MARC21/slim">

  <leader>01129nam a2200193 a 4500</leader>
  <controlfield tag="008">180918t2015    sp  |||g||||| 001 1 spa d</controlfield>
  <datafield tag="020" ind1=" " ind2=" ">
    <subfield code="a">9789876129879</subfield>
  </datafield>
  <datafield tag="041" ind1=" " ind2=" ">
    <subfield code="a">spa</subfield>
  </datafield>
  <datafield tag="092" ind1=" " ind2=" ">
    <subfield code="c">808</subfield>
    <subfield code="l">32</subfield>
    <subfield code="s">HAS</subfield>
  </datafield>
  <datafield tag="100" ind1="1" ind2=" ">
    <subfield code="a">Haston, Meg</subfield>
    <subfield code="9">4312</subfield>
  </datafield>
  <datafield tag="245" ind1=" " ind2=" ">
    <subfield code="a">Paper weigt.</subfield>
    <subfield code="b">&#xBF;Cu&#xE1;l es el peso de la culpa? /</subfield>
    <subfield code="c">Meg Haston</subfield>
  </datafield>
  <datafield tag="250" ind1=" " ind2=" ">
    <subfield code="a">1a ed.</subfield>
    <subfield code="b">Traducci&#xF3;n Bel&#xE9;n S&#xE1;nchez Parodi</subfield>
  </datafield>
  <datafield tag="260" ind1=" " ind2=" ">
    <subfield code="a">Buenos Aires:</subfield>
    <subfield code="b">V&amp;R editoras;</subfield>
    <subfield code="c">2015.</subfield>
  </datafield>
  <datafield tag="300" ind1=" " ind2=" ">
    <subfield code="a">336 p.</subfield>
    <subfield code="c">21x14 cm.</subfield>
  </datafield>
  <datafield tag="500" ind1=" " ind2=" ">
    <subfield code="a">Haston, M. (2015). Paper weight. &#xBF;Cu&#xE1;l es el peso de la culpa?. (1a ed.). Buenos Aires : V&amp;R editoras.</subfield>
  </datafield>
  <datafield tag="505" ind1=" " ind2=" ">
    <subfield code="a">&#xBF;Cu&#xE1;l es el precio de enfrentar el pasado?. Stevie est&#xE1; atrapada: en su vida, en su cuerpo. Y ahora, en un centro de rehabilitaci&#xF3;n para j&#xF3;venes con problemas alimenticios. Pero lo que es a&#xFA;n peor, est&#xE1; atrapada en el pasado. A 27 d&#xED;as de que se cumpla un a&#xF1;o de la muerte de su hermano, todo en su vida parece empeorar. Pero, tal vez, en 27 d&#xED;as pueda solucionar las cosas. Tal vez, en 27 d&#xED;as pueda quitarse ese gran peso que la acompa&#xF1;a a todas partes y as&#xED; terminar con todo. </subfield>
  </datafield>
  <datafield tag="655" ind1=" " ind2=" ">
    <subfield code="a">Literatura</subfield>
    <subfield code="9">2917</subfield>
  </datafield>
  <datafield tag="942" ind1=" " ind2=" ">
    <subfield code="2">ddc</subfield>
    <subfield code="c">LIT</subfield>
  </datafield>
  <datafield tag="999" ind1=" " ind2=" ">
    <subfield code="c">3263</subfield>
    <subfield code="d">3263</subfield>
  </datafield>
  <datafield tag="952" ind1=" " ind2=" ">
    <subfield code="0">0</subfield>
    <subfield code="1">0</subfield>
    <subfield code="2">ddc</subfield>
    <subfield code="4">0</subfield>
    <subfield code="7">0</subfield>
    <subfield code="a">BFM</subfield>
    <subfield code="b">BFM</subfield>
    <subfield code="c">CR</subfield>
    <subfield code="d">2025-05-14</subfield>
    <subfield code="e">Donaci&#xF3;n Mayo 2025, Hern&#xE1;ndez, Maria Jos&#xE9;.</subfield>
    <subfield code="l">1</subfield>
    <subfield code="m">1</subfield>
    <subfield code="o">808 32 HAS</subfield>
    <subfield code="p">5022</subfield>
    <subfield code="r">2026-03-06</subfield>
    <subfield code="s">2025-11-20</subfield>
    <subfield code="t">Ej. 1</subfield>
    <subfield code="w">2025-05-14</subfield>
    <subfield code="y">LIT</subfield>
    <subfield code="z">Donaci&#xF3;n Mayo 2025, Hern&#xE1;ndez, Maria Jos&#xE9;. Sede Tordos</subfield>
    <subfield code="f"></subfield>
  </datafield>
</record>
